<?xml version="1.0" encoding="UTF-8"?>
<record
    xmlns:xsi="http://www.w3.org/2001/XMLSchema-instance"
    xsi:schemaLocation="http://www.loc.gov/MARC21/slim http://www.loc.gov/standards/marcxml/schema/MARC21slim.xsd"
    xmlns="http://www.loc.gov/MARC21/slim">

  <leader>01107nam a22002057a 4500</leader>
  <controlfield tag="003">OSt</controlfield>
  <controlfield tag="005">20260406100737.0</controlfield>
  <controlfield tag="008">260406b        |||||||| |||| 00| 0 esp d</controlfield>
  <datafield tag="082" ind1=" " ind2=" ">
    <subfield code="2">9586771245</subfield>
  </datafield>
  <datafield tag="100" ind1=" " ind2=" ">
    <subfield code="a">Zamora Editores</subfield>
  </datafield>
  <datafield tag="245" ind1=" " ind2=" ">
    <subfield code="a">Biblioteca Pr&#xE1;ctica de Consulta del Nuevo Milenio  Inform&#xE1;tica</subfield>
  </datafield>
  <datafield tag="250" ind1=" " ind2=" ">
    <subfield code="a">10 volumen </subfield>
  </datafield>
  <datafield tag="260" ind1=" " ind2=" ">
    <subfield code="a">Bogot&#xE1;, Colombia.</subfield>
    <subfield code="b">Zamora Editores</subfield>
    <subfield code="c">2000 y 2001</subfield>
  </datafield>
  <datafield tag="300" ind1=" " ind2=" ">
    <subfield code="a">252 p&#xE1;ginas.</subfield>
    <subfield code="b"> Tapa de cartulina con plastificado brillante</subfield>
    <subfield code="c"> 21 x 14 cm.</subfield>
  </datafield>
  <datafield tag="490" ind1=" " ind2=" ">
    <subfield code="3">Tapa de cartulina con plastificado brillante</subfield>
  </datafield>
  <datafield tag="520" ind1=" " ind2=" ">
    <subfield code="a">Fundamentos de Computaci&#xF3;n: Conceptos de hardware (partes de la PC) y software.
Sistemas Operativos: Introducci&#xF3;n a interfaces como Windows y la gesti&#xF3;n de archivos.
Ofim&#xE1;tica: Gu&#xED;as b&#xE1;sicas sobre el uso de procesadores de texto, hojas de c&#xE1;lculo y presentaciones.
Internet y Redes: Explicaci&#xF3;n de c&#xF3;mo funciona la red, el correo electr&#xF3;nico y la navegaci&#xF3;n web en sus inicios comerciales.</subfield>
  </datafield>
  <datafield tag="650" ind1=" " ind2=" ">
    <subfield code="a">inform&#xE1;tica / Computaci&#xF3;n.</subfield>
    <subfield code="x">Estudio y ense&#xF1;anza / Manuales.</subfield>
    <subfield code="y"> Siglo XXI</subfield>
  </datafield>
  <datafield tag="700" ind1=" " ind2=" ">
    <subfield code="a">Zamora Editores</subfield>
  </datafield>
  <datafield tag="942" ind1=" " ind2=" ">
    <subfield code="2">ddc</subfield>
    <subfield code="c">BKA</subfield>
    <subfield code="n">0</subfield>
  </datafield>
  <datafield tag="952" ind1=" " ind2=" ">
    <subfield code="0">0</subfield>
    <subfield code="1">0</subfield>
    <subfield code="2">ddc</subfield>
    <subfield code="4">0</subfield>
    <subfield code="7">0</subfield>
    <subfield code="8">F02</subfield>
    <subfield code="a">ISUS</subfield>
    <subfield code="b">ISUS</subfield>
    <subfield code="c">Biblioteca Abierta</subfield>
    <subfield code="d">2026-04-06</subfield>
    <subfield code="e">LECTURA</subfield>
    <subfield code="f">0468</subfield>
    <subfield code="i">0468</subfield>
    <subfield code="l">0</subfield>
    <subfield code="o">LECTURA</subfield>
    <subfield code="p">BIBLIO0468</subfield>
    <subfield code="r">2026-04-06 10:08:51</subfield>
    <subfield code="t">1</subfield>
    <subfield code="w">2026-04-06</subfield>
    <subfield code="y">BKA</subfield>
  </datafield>
  <datafield tag="999" ind1=" " ind2=" ">
    <subfield code="c">2044</subfield>
    <subfield code="d">2044</subfield>
  </datafield>
</record>
